LEADER 01986oam 2200589 450 001 9910715385603321 005 20210212095017.0 035 $a(CKB)5470000002510175 035 $a(OCoLC)1091023380$z(OCoLC)974646761 035 $a(OCoLC)995470000002510175 035 $a(EXLCZ)995470000002510175 100 $a20190331d1989 ua 0 101 0 $aeng 135 $aurbn||||||||| 181 $ctxt$2rdacontent 182 $cc$2rdamedia 183 $acr$2rdacarrier 200 10$aEstimating flood hydrographs for Arkansas streams /$fby Braxtel L. Neely, Jr. ; prepared in cooperation with the Arkansas State Highway and Transportation Department 210 1$aLittle Rock, Arkansas :$cU.S. Geological Survey,$d1989. 215 $a1 online resource (iii, 19 pages) $cillustrations, 1 map 225 1 $aWater-resources investigations report ;$v89-4109 320 $aIncludes bibliographical references (page 19). 606 $aFlood routing$zArkansas 606 $aFlood forecasting$zArkansas 606 $aRunoff$zArkansas$xForecasting 606 $aFloods$zArkansas$xMeasurement 606 $aFlood forecasting$2fast 606 $aFlood routing$2fast 606 $aFloods$xMeasurement$2fast 606 $aRunoff$xForecasting$2fast 607 $aArkansas$2fast 615 0$aFlood routing 615 0$aFlood forecasting 615 0$aRunoff$xForecasting. 615 0$aFloods$xMeasurement. 615 7$aFlood forecasting. 615 7$aFlood routing. 615 7$aFloods$xMeasurement. 615 7$aRunoff$xForecasting. 700 $aNeely$b Braxtel L.$01393970 712 02$aGeological Survey (U.S.), 712 02$aArkansas.$bState Highway & Transportation Department. 801 0$bOCLCE 801 1$bOCLCE 801 2$bCOP 801 2$bOCLCF 801 2$bOCLCQ 801 2$bGPO 906 $aBOOK 912 $a9910715385603321 996 $aEstimating flood hydrographs for Arkansas streams$93529696 997 $aUNINA